000 01305nam0a2200349 4500
001 RU\NLR\bibl\1339002
005 20260406093143.0
010 _a978-5-699-31171-2
_bв пер.
_95000
021 _aRU
_b2008-99325
_96дос
035 _a(nilc)RSL-KNO-004224542
035 _a(NLR Aleph) 001324180
090 _a759100
_c759100
100 _a20081208d2008 |||y0rusy50 ca
101 0 _arus
102 _aRU
105 _aa |||||||||
200 1 _aКак устроить superвечеринку
_e[для среднего школьного возраста
_fЕлена Усачева]
210 _aМосква
_cЭксмо
_d2008
215 _a95, [1] с.
_cцв. ил., табл.
_d22
225 1 _aНастольная книга для девочек и мальчиков
300 _aАвт. указан на обороте тит.л.
610 0 _aДетская литература
686 _aШ9:Ч721,6(2)245(2)
_2rubbk
686 _aШ9
_bН99
700 1 _4070
_8rus
_7ca
_aУсачева
_bЕ. А.
_cписатель
_f1975-
_gЕлена Александровна
_3RU\NLR\auth\7764888
_947817
801 0 _aRU
_bРКП
_c20081208
_grcr
801 1 _aRU
_bРГБ
_c20081208
801 2 _aRU
_bNLR
_c20090311
_grcr
942 _cBOOK
980 _aNB